01365nam a2200349Ia 4500001001200000003000800012006001900020007001500039008004100054010001700095020001800112020001800130040002100148035002100169043002100190050002600211082002000237100002300257245008300280260005800363300001600421490005200437504005100489533015200540610004400692650004100736655002900777710001700806830004900823856012600872999001700998ebr10622947CaPaEBRm u cr cn|||||||||050715s2005 cau sb 001 0 eng d z 2005020467 z9780817946838 z9780817946821 aCaPaEBRcCaPaEBR a(OCoLC)823741824 an-us---an-cn---14aJK468.I6bP672 2005eb04a363.25/09732221 aPosner, Richard A.10aRemaking domestic intelligenceh[electronic resource] /cby Richard A. Posner. aStanford, Calif. :bHoover Institution Press,cc2005. aviii, 95 p.1 aHoover Institution Press publication ;vno. 541 aIncludes bibliographical references and index. aElectronic reproduction.bPalo Alto, Calif. :cebrary,d2011.nAvailable via World Wide Web.nAccess may be limited to ebrary affiliated libraries.20aCanadian Security Intelligence Service. 0aIntelligence servicezUnited States. 7aElectronic books.2local2 aebrary, Inc. 0aHoover Institution Press publication ;v541.40uhttp://site.ebrary.com/lib/rucke/Doc?id=10622947zAn electronic book accessible through the World Wide Web; click to view c56388d56388